00545nam a2200193Ia 4500008004100000040001800041041000800059100001800067245003900085250001300124260006100137300001800198490002600216650002500242650001300267651001300280651003500293651002300328130821s sp gr spa  aCo-BoUCMbspa aspa aVilar, Pierre aHistoria de EspañacPierre Vilar a10a. ed. aBarcelona (España)bEd. Críticac[fecha desconocida] a180 páginas aTemas Hisp nicos ; 2504aCondiciones sociales04aHistoria aEspaña aEspañaxCondiciones sociales aEspañaxHistoria